| 000 | 00661nam a2200205Ia 4500 | ||
|---|---|---|---|
| 005 | 20260121110159.0 | ||
| 008 | 008 260114s9999 xx 000 0 hin d | ||
| 020 | _a9788132349662 | ||
| 037 | _aEBOOK | ||
| 040 |
_aCRL _bhin _cCRL |
||
| 041 |
_ahin _2hin |
||
| 084 | _qCRL | ||
| 100 |
_aसंकल्प यादव / Sankalp Yadav _9943034 |
||
| 245 | 0 | _aभारत में पर्यटन विकास / Bharat Mein Paryatan Vikas | |
| 260 |
_bभाषा प्रकाशन / Bhasha Prakashan _c2020 |
||
| 856 | _uhttps://bhashaprakashan.com/product-details/378218 | ||
| 942 | _cEBOOK | ||
| 999 |
_c1534699 _d1534699 |
||